[Event "Regionalliga SW 0910"]
[Site "Bayern"]
[Date "2010.04.11"]
[Round "9.7"]
[White "Aicher, Hans"]
[Black "Mueller, Marcus"]
[Result "0-1"]
[WhiteElo "1657"]
[BlackElo "2059"]
[PlyCount "132"]
[EventDate "2009.10.18"]
[EventType "team-tourn"]
[EventRounds "9"]
[EventCountry "GER"]
[SourceTitle "EXT 2011"]
[Source "ChessBase"]
[SourceDate "2010.11.26"]
[SourceVersion "1"]
[SourceVersionDate "2010.11.26"]
[SourceQuality "1"]
[WhiteTeam "Sonthofen"]
[BlackTeam "Garching II"]
[WhiteTeamCountry "GER"]
[BlackTeamCountry "GER"]

1. d4 Nf6 2. Nc3 d5 3. e4 dxe4 4. f3 exf3 5. Nxf3 g6 6. Bc4 Bg7 7. Ne5 0-0 8. Bg5 c5 9. d5 Nbd7 10. Nxd7 Qxd7 11. 0-0 Rd8 12. Qf3 Qg4 13. Qxg4 Bxg4 14. h3 Bf5 15. Rae1 h6 16. Bh4 Kf8 17. Bb3 a6 18. a4 b6 19. Rd1 Rd6 20. g4 Bc8 21. Bg3 Rd7 22. d6 exd6 23. Rxd6 Rxd6 24. Bxd6+ Ke8 25. Nd5 Nxd5 26. Bxd5 Ra7 27. Bc6+ Kd8 28. Rd1 Bd4+ 29. Kg2 Bb7 30. Bxb7 Rxb7 31. Bf8 Ke8 32. Bxh6 Bxb2 33. Bg5 f6 34. Bf4 Bd4 35. h4 Rh7 36. Kg3 Rd7 37. Rb1 Rb7 38. Kf3 Kf7 39. Ke4 Ke6 40. c4 Bc3 41. Be3 Bb4 42. h5 f5+ 43. gxf5+ gxf5+ 44. Kf4 Rg7 45. Rh1 Rg4+ 46. Kf3 Bc3 47. h6 Bh8 48. Bf4 Kf7 49. Rb1 Rg6 50. a5 bxa5 51. Rb7+ Ke6 52. Rb3 Bd4 53. Ra3 Rg1 54. Rxa5 Rf1+ 55. Kg3 Rg1+ 56. Kh2 Ra1 57. Rxa1 Bxa1 58. Bd2 Kf6 59. Kg2 Be5 60. Kf3 Kg6 61. Ke2 Bd6 62. Kd3 Bf8 63. Bf4 a5 64. Kc3 Bxh6 65. Bd6 Be3 66. Kb3 f4 0-1

[Event "Traum Seniors op 12th"]
[Site "Oberstdorf"]
[Date "2005.07.12"]
[Round "5"]
[White "Luecke, Volkmar"]
[Black "Aicher, Hans"]
[Result "0-1"]
[WhiteElo "1837"]
[BlackElo "1766"]
[PlyCount "78"]
[EventDate "2005.07.08"]
[EventType "swiss"]
[EventRounds "9"]
[EventCountry "GER"]
[SourceTitle "EXT 2007"]
[Source "ChessBase"]
[SourceDate "2006.11.23"]
[SourceVersion "1"]
[SourceVersionDate "2006.11.23"]
[SourceQuality "1"]

1. Nf3 d5 2. g3 Nf6 3. Bg2 Nbd7 4. d4 g6 5. 0-0 Bg7 6. b3 c5 7. e3 0-0 8. Bb2 cxd4 9. exd4 Qc7 10. Nbd2 b5 11. Re1 Re8 12. Ne5 Bb7 13. Ndf3 Rac8 14. Bh3 e6 15. Nxf7 Kxf7 16. Ng5+ Kg8 17. Bxe6+ Rxe6 18. Nxe6 Qxc2 19. Qc1 Ne4 20. Rf1 b4 21. Qxc2 Rxc2 22. Bc1 Ba6 23. Re1 Nxf2 24. Nxg7 Nh3+ 25. Kh1 Be2 26. Rxe2 Rxe2 27. Bh6 Nf2+ 28. Kg2 Ng4+ 29. Kf3 Re4 30. Bf4 Nxh2+ 31. Kf2 Kxg7 32. Rc1 Ng4+ 33. Kf3 h5 34. Rc7 Re7 35. Kg2 Kf6 36. Rxa7 Kf5 37. Rb7 Re2+ 38. Kg1 Ndf6 39. Rxb4 Ne4 0-1

[Event "Regionalliga SW 0405"]
[Site "Bayern"]
[Date "2005.03.13"]
[Round "8.8"]
[White "Aicher, Hans"]
[Black "Jovanovic, Alexander"]
[Result "1/2-1/2"]
[WhiteElo "1743"]
[BlackElo "1884"]
[PlyCount "27"]
[EventDate "2004.10.24"]
[EventType "team-tourn"]
[EventRounds "9"]
[EventCountry "GER"]
[SourceTitle "EXT 2007"]
[Source "ChessBase"]
[SourceDate "2006.11.23"]
[SourceVersion "1"]
[SourceVersionDate "2006.11.23"]
[SourceQuality "1"]
[WhiteTeam "Sonthofen"]
[BlackTeam "Bayern Muenchen III"]
[WhiteTeamCountry "GER"]
[BlackTeamCountry "GER"]

1. d4 Nf6 2. c4 c5 3. d5 b5 4. cxb5 a6 5. Nc3 g6 6. e4 d6 7. Nf3 Bg7 8. Be2 0-0 9. 0-0 axb5 10. Bxb5 Bd7 11. Bxd7 Nbxd7 12. Bg5 Qb6 13. Qc2 Rfb8 14. Rfb1 1/2-1/2

[Event "Traum op 11th"]
[Site "Oberjoch/Allgaeu"]
[Date "2004.??.??"]
[Round "9"]
[White "Schmid, Thomas"]
[Black "Aicher, Hans"]
[Result "1-0"]
[WhiteElo "2170"]
[BlackElo "1824"]
[PlyCount "43"]
[EventDate "2004.07.16"]
[EventType "swiss"]
[EventRounds "9"]
[EventCountry "GER"]
[SourceTitle "EXT 2006"]
[Source "ChessBase"]
[SourceDate "2005.11.24"]
[SourceVersion "1"]
[SourceVersionDate "2005.11.24"]
[SourceQuality "1"]

1. Nc3 d5 2. e4 c6 3. Nf3 g6 4. d4 Bg7 5. h3 h5 6. Bg5 Nh6 7. Qd2 f6 8. Be3 dxe4 9. Nxe4 Nf5 10. Bd3 Nxe3 11. Qxe3 Bh6 12. Qe2 0-0 13. Nh4 f5 14. Nc3 Qd6 15. g4 Qf6 16. g5 Bxg5 17. Nxg6 Qxg6 18. Rg1 Kh8 19. h4 Rf6 20. Rxg5 Qxg5 21. hxg5 Re6 22. Ne4 1-0

[Event "Regionalliga SW 0001"]
[Site "Bayern"]
[Date "2001.03.11"]
[Round "7"]
[White "Wiest, Franz"]
[Black "Aicher, Hans"]
[Result "1-0"]
[WhiteElo "1990"]
[BlackElo "1730"]
[PlyCount "45"]
[EventDate "2000.10.15"]
[EventType "team-tourn"]
[EventRounds "9"]
[EventCountry "GER"]
[SourceTitle "EXT 2020"]
[Source "ChessBase"]
[SourceDate "2019.10.17"]
[SourceVersion "1"]
[SourceVersionDate "2019.10.17"]
[SourceQuality "1"]
[WhiteTeam "Lauingen"]
[BlackTeam "Sonthofen"]
[WhiteTeamCountry "GER"]
[BlackTeamCountry "GER"]

1. e4 c6 2. d4 d5 3. Nc3 g6 4. Nf3 dxe4 5. Nxe4 Bg7 6. Bc4 e6 7. Bf4 Nh6 8. Nd6+ Kf8 9. Ng5 Bd7 10. Qd2 Qe7 11. Nxb7 Kg8 12. 0-0 Nf5 13. c3 h6 14. Nf3 Kh7 15. Nc5 a5 16. Rfe1 Bc8 17. Ne5 Rd8 18. Bd3 Bxe5 19. Bxe5 Na6 20. Ne4 Qb7 21. Nf6+ Kg7 22. Bxf5 exf5 23. Ng4+ 1-0

[Event "Regionalliga SW 9495"]
[Site "Bayern"]
[Date "1995.??.??"]
[Round "?.8"]
[White "Aicher, Hans"]
[Black "Robeller, Ludwig Franz"]
[Result "1/2-1/2"]
[WhiteElo "1690"]
[BlackElo "1970"]
[PlyCount "130"]
[EventDate "1994.10.??"]
[EventType "team-tourn"]
[EventRounds "9"]
[EventCountry "GER"]
[SourceTitle "EXT 1999"]
[Source "ChessBase"]
[SourceDate "1998.11.16"]
[SourceVersion "1"]
[SourceVersionDate "1998.11.16"]
[SourceQuality "1"]
[WhiteTeam "Sonthofen"]
[BlackTeam "Muenchen 36 II"]
[WhiteTeamCountry "GER"]
[BlackTeamCountry "GER"]

1. d4 Nf6 2. Nf3 c5 3. e3 e6 4. Bd3 Nc6 5. 0-0 b6 6. c3 Bb7 7. Nbd2 Be7 8. e4 d6 9. Re1 Qc7 10. Qc2 Rc8 11. Nf1 a6 12. e5 dxe5 13. dxe5 Nd7 14. Bf4 Nf8 15. Bg3 b5 16. b3 Na5 17. N1d2 c4 18. bxc4 Nxc4 19. Nxc4 bxc4 20. Be4 Bxe4 21. Qxe4 Nd7 22. Rab1 Nb6 23. Red1 0-0 24. Nd4 Nd5 25. Rbc1 Ba3 26. Rc2 Qa5 27. Qf3 Rb8 28. Nc6 Qa4 29. Nxb8 Qxc2 30. Nxa6 Qxc3 31. Qxc3 Nxc3 32. Rd7 Nd5 33. Nc7 Nb6 34. Rd2 Rc8 35. Nb5 Bb4 36. Rc2 Rc5 37. Nd6 Rd5 38. Kf1 c3 39. Bf4 f6 40. a3 Bxd6 41. exd6 e5 42. Be3 Na4 43. f3 Kf7 44. Ke2 Ke6 45. Bf2 Kxd6 46. Be1 Rc5 47. Kd3 Nb2+ 48. Ke2 Na4 49. Kd3 f5 50. Bxc3 e4+ 51. fxe4 fxe4+ 52. Kd4 Nxc3 53. Rxc3 Rg5 54. g3 Rh5 55. h4 g5 56. hxg5 Rxg5 57. Kxe4 h5 58. Kf4 Rg4+ 59. Kf5 Kd5 60. Rb3 Kc5 61. Rf3 Kd5 62. Re3 Kc5 63. Rb3 Kc6 64. Ke5 h4 65. gxh4 Rxh4 1/2-1/2